000 00760nam a2200229 i 4500
001 90669
003 ES-MaACL
005 20231103062531.0
007 t|
008 050124s1945 sp ||||1| spa d
100 1 _aLenôtre, G.
_971542
245 1 0 _aHistorias íntimas de la Revolución Francesa /
_cG. Lenotre ; [traducción de Antonio Vila y Lorenzo Conde].
260 _aMadrid :
_bPlus Ultra,
_c[1945] (
_fAldus)
300 _a420 p., 53 lám. ;
_c20 cm.
490 1 _aLa historia para todos
651 4 _aFrancia-
_xHistoria-
_y1789-1799, Revolución
_98685
700 1 _aVila, Antonio.
_9184163
700 1 _aConde, Lorenzo.
_940100
830 0 _aLa historia para todos
_9183821
852 _aES-MaACL
_jB-10390
_bR.22227
999 _c90669
_d90669